000 00995cam a2200289 i 4500
001 54972
003 Mx-PuUPA
005 20240829112255.0
008 140415s2010 pum gr 000 0 spa d
020 _a9786074871609
040 _cMx-PuUPA
_aMx-PuUPA
_bspa
_dMx-PuUPA
_erda
041 0 _aspa
100 1 _aGarcía Castillo, Adriana,
_916148
_eautor
245 1 0 _aSí, soy rebelde :
_bel impacto de la posmodernidad en México /
_cAdriana García Castillo
250 _aPrimera edición
264 1 _aPuebla, Pue. :
_bBenemérita Universidad Autónoma de Puebla,
_c2010
300 _a176 páginas ;
_c21 cm
336 _2rdacontent
_atexto
_btxt
337 _2rdamedia
_asin medio
_bn
338 _2rdacarrier
_avolumen
_bnc
650 7 _2armarc
_aPosmodernismo
_xAspectos sociales
_zMéxico
650 7 _2armarc
_aÉtica
_zMéxico
651 4 _aMéxico
_xCondiciones sociales
942 _2ddc
_cLI
_h301.0972
_iG212
999 _c54972
_d54972